00985nam a2200253Ia 4500003000400000005001700004008004100021020001800062040001800080041000800098082002000106100002800126245011500154250001200269260004800281300003500329650004500364650004800409650004900457700003400506942002900540999001900569952014300588OSt20220209124706.0210716s2003 xx 000 0 und d a0-324-11695-0 cAIMIT LIBRARY aeng a658.4 24bNELD aNelson, Debra L.918541 aOrganizational behavior :bfoundations realities and challenges /cBy Debra L Nelson and James Campbell Quick. a4th ed. aAustralia :bThomson south western ;c2003. axxx, 647p ;G-10 ;I-10 ;c27cm. aIndividual processes and behavior918542 aInterpersonal processes and behavior918543 aOrganizatiobnal process and structure918544 aQuick, James Campbell.918545 2ddccBKe4thk658.4 NELD c203078d203078 00102ddc40738MBAaAIMITbAIMITd2008-12-01iBill no:; Bill dt:1900-01-00l0o658.4 NELDpMBA05644r2025-07-21 00:00:00w2021-07-16yBK